000 00526nam a2200181Ia 4500
008 090201s9999 xx 000 0 und d
010 _aKPL-74811
040 _bमराठी
041 _aमराठी
082 _a55371
_b74811
100 _aउर्मिला भावे
245 _aअशी भेट
_cउर्मिला भावे
250 _a1
260 _c2008
_bपायल पब्जिकेशन
300 _a240
_bलहान
600 _aअशी भेट
942 _cBOOK
999 _c251632
_d251632